[Event "FIDE Online Olympiad"]
[Site "Chess.com"]
[Date "2020.08.01"]
[EventDate "2020.07.31"]
[Round "5"]
[Result "0-1"]
[White "Manunthon Atikankhotchasee"]
[Black "Sujana Lohani"]
[WhiteElo "1549"]
[BlackElo "1476"]
[PlyCount "120"]

1. d4 Nf6 2. Bg5 g6 3. Bxf6 exf6 4. g3 Bg7 5. Bg2 O-O 6. e3
Qe7 7. c3 d6 8. Ne2 Nc6 9. O-O Bg4 10. h3 Bf5 11. Nd2 Rae8
12. Nf4 Bc8 13. Nd5 Qd8 14. Kh2 f5 15. a4 Ne7 16. Nf4 Kh8
17. a5 a6 18. Qb3 c6 19. Nc4 Ng8 20. Nb6 d5 21. Nd3 Nf6
22. Nc5 Ne4 23. Bxe4 fxe4 24. Nxc8 Qxc8 25. Qxb7 Qxb7 26. Nxb7
Rb8 27. Nc5 Rxb2 28. Kg1 Ra8 29. Rfb1 Rb5 30. Nd7 Ra7 31. Nb6
Bf8 32. c4 dxc4 33. Nxc4 Kg7 34. Ne5 Rc7 35. Rc1 c5 36. dxc5
Rcxc5 37. Rxc5 Rxc5 38. Nd7 Rc2 39. Nxf8 Kxf8 40. Ra4 f5
41. h4 Ke7 42. Kg2 Kd6 43. Rd4+ Kc6 44. Rd8 Kb5 45. Rh8 Kxa5
46. Rxh7 Rc6 47. Rh6 Kb5 48. Rh8 a5 49. Rb8+ Rb6 50. Ra8 a4
51. Kf1 Kb4 52. Ke2 Kb3 53. Kd2 a3 54. Kc1 a2 55. Ra7 Rb4
56. Ra8 Rc4+ 57. Kd2 Ra4 58. Rb8+ Ka3 59. Kc2 a1=Q 60. Rb3+
Ka2 0-1

[Event "FIDE Online Olympiad"]
[Site "Chess.com"]
[Date "2020.08.01"]
[EventDate "2020.07.31"]
[Round "5"]
[Result "0-1"]
[White "Sindira Joshi"]
[Black "Pornouma Promsirinimit"]
[WhiteElo "1496"]
[BlackElo "1559"]
[PlyCount "132"]

1. e4 Nc6 2. d4 e5 3. Nf3 exd4 4. Bc4 Nf6 5. Nxd4 Nxe4 6. O-O
Be7 7. Re1 Nd6 8. Bb3 O-O 9. Nc3 Bf6 10. Be3 Ne5 11. Nd5 b6
12. Qd2 Bb7 13. Nxf6+ Qxf6 14. Bg5 Nec4 15. Bxc4 Nxc4 16. Bxf6
Nxd2 17. Bg5 Ne4 18. Bf4 c5 19. Nf5 d5 20. f3 Nf6 21. Re7 Ba6
22. Rae1 Rfe8 23. Bg5 Rxe7 24. Rxe7 Ne8 25. Rd7 d4 26. Ne7+
Kf8 27. Nf5 f6 28. Bf4 Bb5 29. Rb7 Bc6 30. Re7 g6 31. Bh6+ Kg8
32. Ng3 Bd5 33. Bd2 Bf7 34. Ne4 Kf8 35. Rd7 a6 36. Bh6+ Kg8
37. b3 g5 38. f4 Bg6 39. Nd6 Nxd6 40. Rxd6 Bxc2 41. Rxf6 Rd8
42. fxg5 d3 43. g6 hxg6 44. Bd2 Re8 45. Rxg6+ Kf7 46. Rxb6 Re2
47. Rb7+ Ke8 48. Rb8+ Kd7 49. Bf4 Bb1 50. Rb7+ Kc6 51. Rc7+
Kb6 52. Rd7 Rxa2 53. Rd6+ Kb5 54. Rd7 Bc2 55. Rb7+ Kc6
56. Rc7+ Kb6 57. Rd7 Kc6 58. Rc7+ Kd5 59. Rd7+ Ke4 60. Bg3
Bxb3 61. Re7+ Kd4 62. h4 d2 63. Kh2 d1=Q 64. Rd7+ Bd5 65. h5
Qxh5+ 66. Kg1 Rxg2+ 0-1

[Event "FIDE Online Olympiad"]
[Site "Chess.com"]
[Date "2020.08.01"]
[EventDate "2020.07.31"]
[Round "5"]
[Result "0-1"]
[White "Anisha Neupane"]
[Black "Sarocha Chuemsakul"]
[WhiteElo "1471"]
[BlackElo "1694"]
[PlyCount "94"]

1. e4 c6 2. d4 d5 3. exd5 cxd5 4. Bd3 Nf6 5. Bf4 Nc6 6. c3 Bg4
7. Ne2 e6 8. O-O Bd6 9. Bg3 O-O 10. Qc2 Rc8 11. h3 Bxe2
12. Qxe2 Bxg3 13. fxg3 Re8 14. Nd2 e5 15. dxe5 Rxe5 16. Qf2
Re8 17. Nf3 Ne4 18. Bxe4 dxe4 19. Rad1 Qf6 20. Nh4 Qxf2+
21. Rxf2 Rcd8 22. Rfd2 g6 23. Rxd8 Rxd8 24. Rxd8+ Nxd8 25. g4
Kg7 26. Kf2 Kf6 27. Ke3 Ke5 28. g3 Ne6 29. Ng2 f5 30. gxf5
gxf5 31. Nf4 Nxf4 32. gxf4+ Kd5 33. b3 b5 34. a3 a5 35. a4
bxa4 36. bxa4 Kc4 37. Kd2 Kb3 38. Kc1 Kxc3 39. Kd1 Kd3 40. Ke1
Ke3 41. Kd1 Kf2 42. Kd2 e3+ 43. Kd3 e2 44. Kc4 e1=Q 45. Kb5
Ke3 46. Kc6 Kd4 47. Kd6 Kc4 0-1

[Event "FIDE Online Olympiad"]
[Site "Chess.com"]
[Date "2020.08.01"]
[EventDate "2020.07.31"]
[Round "5"]
[Result "0-1"]
[White "Khalil Bukhalaf"]
[Black "Yeh Yang Liu"]
[WhiteElo "1896"]
[BlackElo "2004"]
[PlyCount "48"]

1. c4 c5 2. g3 g6 3. Bg2 Bg7 4. Nc3 Nc6 5. a3 e6 6. e4 Nge7
7. Nge2 O-O 8. O-O Nd4 9. f4 Nec6 10. Rb1 a5 11. d3 d6
12. Nxd4 Nxd4 13. Ne2 a4 14. Nxd4 Bxd4+ 15. Kh1 b5 16. b3 axb3
17. Qxb3 bxc4 18. Qxc4 Ba6 19. Qc2 Qa5 20. Bd2 Qxa3 21. Rb3
Qa4 22. f5 c4 23. dxc4 Bxc4 24. Rc3 Bxc3 0-1

[Event "FIDE Online Olympiad"]
[Site "Chess.com"]
[Date "2020.08.01"]
[EventDate "2020.07.31"]
[Round "5"]
[Result "0-1"]
[White "Halima Hammadi"]
[Black "Sophie Yi-Hsuan Tsai"]
[WhiteElo "1181"]
[BlackElo "1155"]
[PlyCount "100"]

1. Nf3 Nf6 2. Nc3 e6 3. e4 d6 4. d4 Nbd7 5. Bd3 e5 6. O-O Be7
7. h3 O-O 8. Be3 b6 9. a4 Bb7 10. Qe2 a5 11. Rad1 Qc8 12. d5
h6 13. Rd2 Re8 14. Re1 Bf8 15. Bb5 c6 16. dxc6 Bxc6 17. Bxc6
Qxc6 18. Qd3 Nc5 19. Bxc5 dxc5 20. Nd5 Nxd5 21. exd5 Qd6
22. c4 Rad8 23. b3 Qe7 24. Rde2 f6 25. h4 Qf7 26. Re3 g6
27. g4 g5 28. h5 Kg7 29. Kf1 Bd6 30. R1e2 Rf8 31. Ke1 Rde8
32. Kd2 Re7 33. Kc2 Rfe8 34. Re1 Kh8 35. R3e2 Qh7 36. Re4 f5
37. gxf5 Qxf5 38. R1e3 g4 39. Nh4 Qxf2+ 40. Qe2 Qxh4 41. Qxg4
Qxg4 42. Rxg4 Rg8 43. Reg3 Reg7 44. Kd3 Rxg4 45. Rf3 e4+
46. Ke3 exf3 47. Kxf3 Rf4+ 48. Ke3 Rg3+ 49. Kd2 Rf2+ 50. Kd1
Rg1# 0-1

[Event "FIDE Online Olympiad"]
[Site "Chess.com"]
[Date "2020.08.01"]
[EventDate "2020.07.31"]
[Round "5"]
[Result "0-1"]
[White "Nurdin Hassuji"]
[Black "Lut Yin Luke Lau"]
[WhiteElo "1763"]
[BlackElo "1944"]
[PlyCount "56"]

1. e4 d6 2. d4 Nf6 3. Nc3 g6 4. Nf3 Bg7 5. Bd3 c6 6. O-O O-O
7. h3 Na6 8. Bxa6 bxa6 9. Be3 Rb8 10. Rb1 Nd7 11. Qd2 Re8
12. Bh6 Bh8 13. Ng5 e5 14. d5 c5 15. Qe3 Qe7 16. f4 exf4
17. Qxf4 Ne5 18. Rf2 Rb7 19. Rbf1 f6 20. Nd1 Bd7 21. Ne3 Rxb2
22. Nf3 Rb4 23. Nxe5 Qxe5 24. Qxe5 dxe5 25. c4 Rb6 26. Rd1 Rd8
27. a4 Bxa4 28. Ng4 Bxd1 0-1

[Event "FIDE Online Olympiad"]
[Site "Chess.com"]
[Date "2020.08.01"]
[EventDate "2020.07.31"]
[Round "5"]
[Result "0-1"]
[White "Zahabiyah Ebrahim"]
[Black "Ze Jun Lin"]
[WhiteElo "1134"]
[BlackElo "1677"]
[PlyCount "62"]

1. d4 Nf6 2. Bf4 g6 3. e3 Bg7 4. Nf3 O-O 5. Be2 d6 6. h3 Nbd7
7. c3 Re8 8. Nbd2 e5 9. Bh2 e4 10. Ng1 Nf8 11. Bc4 Be6
12. Bxe6 Nxe6 13. Ne2 c5 14. O-O d5 15. Rc1 Rc8 16. dxc5 Nxc5
17. c4 Nd3 18. Rc2 Qd7 19. Nf4 Nxf4 20. Bxf4 d4 21. exd4 Qxd4
22. Re1 Nh5 23. Be3 Qd7 24. Nb3 Qe7 25. Bxa7 Nf4 26. Rd2 Qg5
27. g3 Nxh3+ 28. Kh2 Qf5 29. Ree2 Ng5 30. Na5 Qh3+ 31. Kg1
Nf3# 0-1

[Event "FIDE Online Olympiad"]
[Site "Chess.com"]
[Date "2020.08.01"]
[EventDate "2020.07.31"]
[Round "5"]
[Result "0-1"]
[White "Soon Wei Yee"]
[Black "Myint Han"]
[WhiteElo "2245"]
[BlackElo "2225"]
[PlyCount "70"]

1. e4 c5 2. Nf3 e6 3. c4 d6 4. d4 cxd4 5. Nxd4 Nf6 6. Nc3 a6
7. Be2 Qc7 8. Be3 b6 9. f3 Bb7 10. O-O Nbd7 11. a4 Be7 12. a5
O-O 13. Qd2 Rfe8 14. Nb3 Rac8 15. axb6 Nxb6 16. Na5 Ba8
17. Rfc1 Qb8 18. Ra3 Nbd7 19. Raa1 Bd8 20. b4 Ne5 21. b5 d5
22. exd5 exd5 23. Nxd5 Nxd5 24. cxd5 Rxc1+ 25. Qxc1 Bb6
26. Bxb6 Qxb6+ 27. Kf1 axb5 28. Qb2 b4 29. Nc4 Nxc4 30. Bxc4
Qc5 31. Qb3 Rd8 32. Rb1 Bxd5 33. Bxd5 Rxd5 34. Qxb4 Rd1+
35. Ke2 Qc2+ 0-1

[Event "FIDE Online Olympiad"]
[Site "Chess.com"]
[Date "2020.08.01"]
[EventDate "2020.07.31"]
[Round "5"]
[Result "0-1"]
[White "Nur Zahira Zazali"]
[Black "Thu Aung Moe"]
[WhiteElo "1501"]
[BlackElo "1164"]
[PlyCount "130"]

1. e4 e5 2. Nf3 Nc6 3. Nc3 Nf6 4. Bc4 Bb4 5. d3 O-O 6. O-O h6
7. a3 Bc5 8. h3 d6 9. Re1 a6 10. Bd2 b5 11. Bb3 Qe7 12. Be3
Bxe3 13. Rxe3 Nd4 14. Ba2 Be6 15. Bxe6 fxe6 16. Ne2 Nxf3+
17. Rxf3 Nd7 18. Ng3 d5 19. Qe2 Rxf3 20. Qxf3 Rf8 21. Qe3 Qc5
22. Qe2 Nf6 23. Rc1 Qd4 24. c3 Qc5 25. exd5 exd5 26. Rf1 Qd6
27. d4 exd4 28. cxd4 Qf4 29. Nh5 Nxh5 30. Qxh5 Qxd4 31. Qe2
Qf6 32. Qd3 c6 33. b3 Qf5 34. Qe2 c5 35. b4 c4 36. Qd1 Re8
37. a4 Qe4 38. axb5 axb5 39. f3 Qe3+ 40. Kh1 d4 41. Kh2 d3
42. f4 Qe2 43. f5 Qxd1 44. Rxd1 Re5 45. Kg3 Rxf5 46. Rd2 h5
47. Kh2 g5 48. g4 hxg4 49. hxg4 Rf4 50. Kg3 Kf7 51. Kh3 Ke6
52. Rd1 Kd5 53. Ra1 d2 54. Kg2 Kd4 55. Rd1 Kc3 56. Kg3 Kc2
57. Rg1 d1=Q 58. Rxd1 Kxd1 59. Kh3 c3 60. Kh2 c2 61. Kg3 c1=Q
62. Kg2 Qd2+ 63. Kg3 Qe3+ 64. Kg2 Rf2+ 65. Kg1 Qe1# 0-1

[Event "FIDE Online Olympiad"]
[Site "Chess.com"]
[Date "2020.08.01"]
[EventDate "2020.07.31"]
[Round "6"]
[Result "0-1"]
[White "Ahmed Nihaya"]
[Black "Azahari Siti Nur Fatimah Hj"]
[WhiteElo "1126"]
[BlackElo "1927"]
[PlyCount "28"]

1. e4 e5 2. Nf3 Nc6 3. d4 exd4 4. Nxd4 Nf6 5. Nc3 Bb4 6. Bf4
Nxe4 7. Qe2 Qe7 8. Ndb5 O-O 9. O-O-O Bxc3 10. bxc3 a6 11. f3
axb5 12. fxe4 Rxa2 13. Qxb5 Qxe4 14. Bg5 Qxc2# 0-1

[Event "FIDE Online Olympiad"]
[Site "Chess.com"]
[Date "2020.08.01"]
[EventDate "2020.07.31"]
[Round "6"]
[Result "0-1"]
[White "Ahmed Yoosuf Waseem"]
[Black "Abdul Zahirul Zazali"]
[WhiteElo "1177"]
[BlackElo "1695"]
[PlyCount "132"]

1. e4 e5 2. Nf3 Nc6 3. d4 exd4 4. Bc4 Be7 5. c3 dxc3 6. Qd5
Nh6 7. Bxh6 O-O 8. Bc1 Nb4 9. Qd1 c2 10. Qd2 cxb1=Q 11. Rxb1
Nc6 12. O-O h6 13. Re1 d6 14. Nd4 Ne5 15. Bb3 c6 16. Qc3 Bf6
17. Nf3 Nxf3+ 18. Qxf3 Be6 19. Bf4 Rc8 20. Red1 Be7 21. Qg3
Bh4 22. Qd3 Bxb3 23. Qxb3 Qf6 24. g3 Bg5 25. Bxd6 Rfd8
26. Qxb7 Qe6 27. h4 Bf6 28. e5 Bxe5 29. Bxe5 Qxe5 30. Qxa7
Rxd1+ 31. Rxd1 Qxb2 32. Rd7 Qb1+ 33. Kh2 Qf5 34. Kg2 Re8
35. Re7 Qd5+ 36. Kh3 Rxe7 37. Qxe7 Qxa2 38. Qe8+ Kh7 39. Qe4+
g6 40. Qxc6 Qxf2 41. Qg2 Qxg2+ 42. Kxg2 h5 43. Kf3 Kg7 44. g4
hxg4+ 45. Kxg4 Kh6 46. Kf4 Kh5 47. Kg3 f5 48. Kh3 f4 49. Kg2
Kxh4 50. Kf3 g5 51. Kg2 g4 52. Kg1 Kh3 53. Kf1 g3 54. Kg1 g2
55. Kf2 Kh2 56. Kf3 g1=Q 57. Kxf4 Qc5 58. Ke4 Kg3 59. Kd3 Kf3
60. Kd2 Qd4+ 61. Kc2 Ke2 62. Kb3 Qc5 63. Kb2 Kd2 64. Ka2 Qb5
65. Ka3 Kc2 66. Ka2 Qa4# 0-1

[Event "FIDE Online Olympiad"]
[Site "Chess.com"]
[Date "2020.08.01"]
[EventDate "2020.07.31"]
[Round "6"]
[Result "0-1"]
[White "Albert Njau"]
[Black "Wynn Zaw Htun"]
[WhiteElo "1702"]
[BlackElo "2477"]
[PlyCount "60"]

1. e4 c5 2. Nf3 d6 3. Bc4 Nf6 4. d3 e6 5. Bb3 Be7 6. O-O O-O
7. Re1 Nc6 8. Nbd2 Na5 9. Nf1 Nxb3 10. axb3 b6 11. Ng3 Bb7
12. Bd2 h6 13. h3 Re8 14. c4 Bf8 15. Bc3 d5 16. exd5 exd5
17. Rxe8 Nxe8 18. d4 Nf6 19. dxc5 Bxc5 20. b4 Bf8 21. Ne5 Qc7
22. Qd4 dxc4 23. Nf5 Ne4 24. Nxh6+ gxh6 25. Ng4 f6 26. Nxf6+
Nxf6 27. Qxf6 Bg7 28. Qg6 Qf7 29. Qg3 Kh7 30. Rd1 Rg8 0-1

[Event "FIDE Online Olympiad"]
[Site "Chess.com"]
[Date "2020.08.01"]
[EventDate "2020.07.31"]
[Round "6"]
[Result "0-1"]
[White "Salman Al Mahmood"]
[Black "Wing Ki Kwong"]
[WhiteElo "1588"]
[BlackElo "1679"]
[PlyCount "106"]

1. d4 Nf6 2. Nf3 g6 3. e3 Bg7 4. Bd3 O-O 5. O-O d5 6. c3 c5
7. Nbd2 cxd4 8. exd4 Nc6 9. Qe2 a6 10. Re1 Qc7 11. Ne5 Nxe5
12. dxe5 Nd7 13. Nf3 Nc5 14. Bc2 Bg4 15. Bf4 Ne6 16. Bg3 Rac8
17. Qe3 Bxf3 18. Qxf3 d4 19. Bb3 dxc3 20. Rac1 Nd4 21. Qxc3
Qxc3 22. Rxc3 Rxc3 23. bxc3 Nxb3 24. axb3 Rd8 25. Kf1 Rd2
26. Re2 Rd1+ 27. Re1 Rd2 28. Re2 Rd1+ 29. Re1 Rd3 30. Rc1 Bh6
31. Rc2 Rd2 32. Rxd2 Bxd2 33. c4 e6 34. Ke2 Bb4 35. Kd3 g5
36. f3 Bc5 37. Be1 Kg7 38. b4 Bg1 39. h3 Kg6 40. Ke4 h5
41. Bc3 Bb6 42. c5 Bc7 43. Kd3 Kf5 44. Kc4 Bxe5 45. Bxe5 Kxe5
46. b5 axb5+ 47. Kxb5 Kd5 48. Kb6 f5 49. Kb5 e5 50. Kb6 e4
51. fxe4+ fxe4 52. Kxb7 Kxc5 53. Kc7 e3 0-1

[Event "FIDE Online Olympiad"]
[Site "Chess.com"]
[Date "2020.08.01"]
[EventDate "2020.07.31"]
[Round "6"]
[Result "0-1"]
[White "Manish Hamal"]
[Black "Raymond Song"]
[WhiteElo "2110"]
[BlackElo "2254"]
[PlyCount "150"]

1. d4 Nf6 2. Nf3 d5 3. Bf4 e6 4. e3 c5 5. c3 Nc6 6. Nbd2 Be7
7. h3 Bd6 8. Bxd6 Qxd6 9. Bd3 O-O 10. O-O e5 11. dxe5 Nxe5
12. Nxe5 Qxe5 13. Nf3 Qc7 14. Rc1 Be6 15. a3 a5 16. Re1 Rfd8
17. Bb1 h6 18. Qe2 Rac8 19. Red1 Rb8 20. b4 b6 21. Qb2 Qe7
22. Rd2 Rdc8 23. Rcd1 Rc7 24. Ba2 Rbc8 25. bxa5 bxa5 26. Qb5
Ne4 27. Rc2 Rb7 28. Qa4 c4 29. Nd4 Qc5 30. Rcc1 Bd7 31. Qc2
Qxa3 32. Rb1 Rcb8 33. Rxb7 Rxb7 34. Bxc4 Ba4 35. Qd3 Nc5
36. Qf5 Bxd1 37. Qc8+ Kh7 38. Bxd5 Rd7 39. Bc6 Re7 40. Qf5+ g6
41. Qf6 Nd7 42. Qh4 Qd6 43. c4 Qf6 44. Qg3 Ne5 45. Bd5 a4
46. f4 Nd3 47. f5 a3 48. c5 Qe5 49. fxg6+ fxg6 50. Qh4 Qxe3+
51. Kh2 Qf4+ 52. Qxf4 Nxf4 53. Ba2 Rc7 54. c6 Ba4 55. g3 Nd3
56. Bd5 Bxc6 57. Bb3 Nc1 58. Be6 Be4 59. g4 a2 60. Bxa2 Nxa2
61. Kg3 g5 62. Ne6 Rc2 63. h4 Rc3+ 64. Kh2 gxh4 65. Nf4 Nb4
66. Nh5 Nd5 67. Kg1 h3 68. Kh2 Kg6 69. Ng3 Rxg3 70. Kxg3 Bg2
71. Kh2 Kg5 72. Kg3 Nf6 73. Kh2 Kf4 74. Kg1 Kg3 75. g5 h2# 0-1

[Event "FIDE Online Olympiad"]
[Site "Chess.com"]
[Date "2020.08.01"]
[EventDate "2020.07.31"]
[Round "6"]
[Result "0-1"]
[White "Joseph Muragu Methu"]
[Black "Thanadon Kulpruethanon"]
[WhiteElo "1972"]
[BlackElo "2190"]
[PlyCount "74"]

1. d4 Nf6 2. c4 c5 3. d5 e6 4. Nc3 exd5 5. cxd5 d6 6. Bf4 a6
7. a4 g6 8. Nf3 Bg7 9. h3 O-O 10. e3 Re8 11. Be2 Ne4 12. Qc2
Qa5 13. Ra3 Bf5 14. Qb3 Nd7 15. O-O c4 16. Bxc4 Ndc5 17. Qa2
Nxc3 18. bxc3 Ne4 19. Qb3 Rac8 20. Rc1 Rc7 21. Bf1 Nxc3
22. Kh2 Nxd5 23. Rxc7 Nxc7 24. Qxb7 Be4 25. Qb3 Bxf3 26. gxf3
Be5 27. Bxe5 Qxe5+ 28. Kg2 Ne6 29. Qb4 a5 30. Qh4 Rb8 31. Bb5
Rc8 32. Rd3 Rc1 33. Qg3 Qa1 34. Qxd6 Rg1+ 35. Kh2 Rh1+ 36. Kg3
Qg1+ 37. Kh4 Qg5# 0-1

[Event "FIDE Online Olympiad"]
[Site "Chess.com"]
[Date "2020.08.01"]
[EventDate "2020.07.31"]
[Round "6"]
[Result "0-1"]
[White "Glenda Madelta"]
[Black "Manunthon Atikankhotchasee"]
[WhiteElo "1427"]
[BlackElo "1549"]
[PlyCount "102"]

1. d4 Nf6 2. Nc3 Nc6 3. Bf4 d5 4. Nb5 e5 5. dxe5 Nh5 6. e3
Nxf4 7. exf4 a6 8. Nd4 Nxd4 9. Qxd4 c5 10. Qd1 d4 11. g3 Qa5+
12. Qd2 Qxd2+ 13. Kxd2 Be6 14. Bg2 Rb8 15. Nf3 Be7 16. Rhd1
O-O 17. h3 h6 18. g4 Rfd8 19. g5 hxg5 20. Nxg5 Bf5 21. h4 b5
22. Re1 c4 23. Be4 Bxe4 24. Rxe4 Bb4+ 25. Kd1 d3 26. c3 Bc5
27. e6 f6 28. e7 Re8 29. Ne6 Bd6 30. Kd2 Rxe7 31. Rg1 Bxf4+
32. Kd1 Be5 33. Nf4 Rbe8 34. Rge1 Bd6 35. Rxe7 Rxe7 36. Ng6
Rxe1+ 37. Kxe1 Kh7 38. h5 Kh6 39. Nh4 Kxh5 40. Nf5 Bf8 41. Nd4
Kg4 42. Ne6 Bd6 43. Nxg7 Kf3 44. Ne8 Be5 45. Ng7 Bb8 46. Ne6
Ba7 47. Nc7 Bxf2+ 48. Kd1 Bb6 49. Nxa6 f5 50. Nb4 f4 51. Nd5
Ba5 0-1

[Event "FIDE Online Olympiad"]
[Site "Chess.com"]
[Date "2020.08.01"]
[EventDate "2020.07.31"]
[Round "6"]
[Result "0-1"]
[White "Aguda Lwanga"]
[Black "Prin Laohawirapap"]
[WhiteElo "1064"]
[BlackElo "1834"]
[PlyCount "64"]

1. e4 c5 2. Nf3 Nc6 3. Bb5 g6 4. Bxc6 dxc6 5. O-O Bg7 6. d3
Nf6 7. Nbd2 Nd7 8. Rb1 Nf8 9. b3 Ne6 10. Bb2 Nd4 11. a4 O-O
12. Re1 e5 13. Nf1 Bg4 14. N1d2 Bh6 15. Bxd4 cxd4 16. h3 Bxd2
17. Qxd2 Bxf3 18. gxf3 Qh4 19. Kh2 f5 20. Kg2 Rf6 21. Re2 Raf8
22. Rbe1 fxe4 23. Rxe4 Qh5 24. Rxe5 Qxf3+ 25. Kh2 Qxf2+
26. Qxf2 Rxf2+ 27. Kg1 Rxc2 28. R5e2 Rxe2 29. Rxe2 Rf3 30. Re7
Rxd3 31. Rxb7 Rxh3 32. Rxa7 Rxb3 0-1

[Event "FIDE Online Olympiad"]
[Site "Chess.com"]
[Date "2020.08.01"]
[EventDate "2020.07.31"]
[Round "4"]
[Result "0-1"]
[White "Ahmad Tasneem"]
[Black "Victoria Sokolova"]
[WhiteElo "1417"]
[BlackElo "1269"]
[PlyCount "70"]

1. e4 e5 2. Nf3 Nc6 3. a3 Nf6 4. Nc3 Bc5 5. Bc4 O-O 6. h3 d6
7. d3 Nd4 8. O-O Qe7 9. Na4 Be6 10. Nxc5 dxc5 11. Nxe5 Bxc4
12. Nxc4 h6 13. c3 b5 14. Ne3 Nc6 15. Nf5 Qe6 16. Qf3 Ne5
17. Qg3 Nh5 18. Qh4 g6 19. Nxh6+ Kh7 20. Qg5 f6 21. Qh4 Nxd3
22. Qg3 Nxg3 23. fxg3 Nxc1 24. Ng4 Nb3 25. Rac1 Nxc1 26. Rxc1
f5 27. Ne3 Qxe4 28. Nf1 f4 29. g4 f3 30. Nd2 Qe3+ 31. Kh2 fxg2
32. Kxg2 Qf2+ 33. Kh1 Rae8 34. Nb3 Re2 35. Rd1 Qh2# 0-1

[Event "FIDE Online Olympiad"]
[Site "Chess.com"]
[Date "2020.08.01"]
[EventDate "2020.07.31"]
[Round "4"]
[Result "0-1"]
[White "Mohamad Firdaus Erfan"]
[Black "Ronjin Munyurangabo"]
[WhiteElo "1241"]
[BlackElo "1725"]
[PlyCount "44"]

1. e4 e5 2. Nf3 Nc6 3. Bc4 Be7 4. d4 d6 5. dxe5 dxe5 6. Qxd8+
Bxd8 7. Bd5 Nd4 8. Nxd4 exd4 9. O-O Nf6 10. Bc4 O-O 11. f3 Be6
12. Nd2 c5 13. b3 Ba5 14. Bxe6 fxe6 15. Nc4 Bc3 16. Rb1 Nd7
17. Nd6 b6 18. Nb5 Kf7 19. Nxc3 dxc3 20. Bg5 h6 21. Be7 Kxe7
22. Rbd1 b5 0-1

[Event "FIDE Online Olympiad"]
[Site "Chess.com"]
[Date "2020.08.01"]
[EventDate "2020.07.31"]
[Round "5"]
[Result "0-1"]
[White "Charles Sidney Eichab"]
[Black "Mohamad Firdaus Erfan"]
[WhiteElo "2016"]
[BlackElo "1241"]
[PlyCount "52"]

1. c4 c6 2. Nf3 d5 3. b3 Nf6 4. Bb2 Bf5 5. g3 e6 6. Bg2 Nbd7
7. O-O Be7 8. d3 h6 9. Nbd2 O-O 10. a3 a5 11. Re1 Nc5 12. Ne5
Bd6 13. d4 Bxe5 14. dxe5 Nfe4 15. Nxe4 dxe4 16. b4 axb4
17. axb4 Na6 18. Bc3 Qb6 19. Ra4 Rfd8 20. Qa1 e3 21. f4 Bc2
22. c5 Qb5 23. Ra5 Qc4 24. Qb2 Be4 25. Bf1 Bd5 26. Rea1 Qe4
0-1

[Event "FIDE Online Olympiad"]
[Site "Chess.com"]
[Date "2020.08.01"]
[EventDate "2020.07.31"]
[Round "6"]
[Result "0-1"]
[White "Ahmad Tasneem"]
[Black "Salma Almutawaa"]
[WhiteElo "1417"]
[BlackElo "1009"]
[PlyCount "106"]

1. e4 e6 2. Bc4 d5 3. exd5 exd5 4. Be2 Nf6 5. d3 h6 6. Nf3 Bd6
7. O-O O-O 8. Nd4 c5 9. Nb5 Be5 10. Nd2 Qd7 11. a4 Nc6 12. Nf3
a6 13. Nxe5 Nxe5 14. d4 cxd4 15. Nxd4 Re8 16. Bf4 g5 17. Bxe5
Rxe5 18. Nf3 Re8 19. c4 Qd6 20. b3 b6 21. cxd5 Nxd5 22. Bc4
Bb7 23. Qd4 Rad8 24. h3 Nf4 25. Qb2 Bxf3 26. gxf3 Nxh3+
27. Kg2 Nf4+ 28. Kg1 Qg6 29. Rad1 Nh3+ 30. Kh2 g4 31. Rxd8
Rxd8 32. Qe2 Qd6+ 33. Kh1 gxf3 34. Qxf3 Ng5 35. Rg1 Kf8
36. Rxg5 Qd1+ 37. Kg2 Qxf3+ 38. Kxf3 hxg5 39. Kg4 f6 40. f4
Rd4 41. Kh5 Rxf4 42. Kg6 g4 43. Kh5 g3 44. Bd5 Rf5+ 45. Kg4
Rxd5 46. Kxg3 Rd3+ 47. Kf4 Rxb3 48. Kf5 Ra3 49. Kxf6 Rxa4
50. Ke5 Rh4 51. Kd5 a5 52. Kc6 a4 53. Kxb6 a3 0-1

[Event "FIDE Online Olympiad"]
[Site "Chess.com"]
[Date "2020.08.01"]
[EventDate "2020.07.31"]
[Round "4"]
[Result "0-1"]
[White "Dongmo Loic Dylane Zebaze"]
[Black "Oladapo Oluto Adu"]
[WhiteElo "1810"]
[BlackElo "2327"]
[PlyCount "112"]

1. d4 d6 2. Nf3 g6 3. e3 Bg7 4. Bd3 Nf6 5. Nc3 O-O 6. O-O b6
7. Ne4 Nbd7 8. a4 a6 9. Bd2 Bb7 10. Nxf6+ Nxf6 11. Re1 Ne4
12. Bc3 c5 13. Qe2 Qc7 14. Bxe4 Bxe4 15. Nd2 Bxc2 16. Rec1 Bf5
17. dxc5 bxc5 18. b4 Rfc8 19. bxc5 Qxc5 20. Bxg7 Qxc1+
21. Rxc1 Rxc1+ 22. Nf1 Rb8 23. Bh6 Rbb1 24. Qxa6 Bc8 25. Qe2
Be6 26. h3 Bc4 27. Qg4 Rxf1+ 28. Kh2 Be6 29. Qd4 f6 30. Qe4
Kf7 31. Qa8 Bf5 32. e4 Bxh3 33. Kxh3 Rh1+ 34. Kg3 Rxh6
35. Qd5+ Kg7 36. Qe6 Rb7 37. Qd5 Rc7 38. Qa5 Rc5 39. Qa7 Kf7
40. a5 Rh1 41. a6 Ra1 42. Qb8 Rca5 43. Qh8 R5a3+ 44. f3 Ra5
45. Qxh7+ Ke6 46. Qg8+ Kd7 47. Qxg6 Rg5+ 48. Qxg5 fxg5 49. Kg4
Ra5 50. a7 Rxa7 51. Kxg5 e5 52. g4 Ke6 53. Kh6 Rf7 54. g5 Rxf3
55. g6 Kf6 56. g7 Rh3# 0-1

[Event "FIDE Online Olympiad"]
[Site "Chess.com"]
[Date "2020.08.01"]
[EventDate "2020.07.31"]
[Round "4"]
[Result "0-1"]
[White "Mkhonto Nosimilo"]
[Black "Maboloko Leboela"]
[WhiteElo "1327"]
[BlackElo "1296"]
[PlyCount "124"]

1. e4 c5 2. Nf3 Nc6 3. Nc3 g6 4. Be2 Bg7 5. O-O d6 6. d3 Nf6
7. Be3 O-O 8. Qd2 Ng4 9. Bf4 Qb6 10. h3 Nge5 11. b3 Nxf3+
12. Bxf3 Qb4 13. e5 dxe5 14. Nd5 Qxd2 15. Bxd2 e4 16. Nc7 Rb8
17. Bxe4 Bxa1 18. Rxa1 Nd4 19. c3 Ne6 20. Nxe6 Bxe6 21. Bh6
Rfd8 22. Rd1 c4 23. bxc4 Bxc4 24. Bf4 Rbc8 25. Bxb7 Rc5 26. d4
Rb5 27. Ba6 Rf5 28. Bxc4 Rxf4 29. g3 Rf3 30. Kg2 Rxc3 31. Bb3
e5 32. d5 Kf8 33. Re1 f6 34. Re4 Ke7 35. Ra4 Rd7 36. Rb4 a5
37. Rb8 h5 38. Rh8 Kd6 39. Rg8 g5 40. Rg6 Rf7 41. Kh2 Rxb3
42. axb3 Kxd5 43. Rg8 Ra7 44. Rb8 f5 45. Rb5+ Kd4 46. Kg2 f4
47. gxf4 gxf4 48. f3 a4 49. bxa4 Rxa4 50. Rb6 Ke3 51. Rh6 Ra2+
52. Kg1 Kxf3 53. Rxh5 e4 54. Rd5 e3 55. h4 e2 56. Re5 Ra1+
57. Kh2 e1=Q 58. Rxe1 Rxe1 59. h5 Re8 60. h6 Kf2 61. Kh3 f3
62. Kg4 Kg2 0-1

[Event "FIDE Online Olympiad"]
[Site "Chess.com"]
[Date "2020.08.01"]
[EventDate "2020.07.31"]
[Round "4"]
[Result "0-1"]
[White "Bonolo Ntsielo"]
[Black "Nolwazi Nkwanyane"]
[WhiteElo "1248"]
[BlackElo "1147"]
[PlyCount "80"]

1. Nf3 Nf6 2. g3 d6 3. Bg2 g6 4. O-O Bg7 5. c4 O-O 6. d4 Nbd7
7. Nc3 e5 8. dxe5 Nxe5 9. Nxe5 dxe5 10. Bg5 c6 11. Ne4 Qxd1
12. Raxd1 Nxe4 13. Bxe4 f5 14. Bh1 f4 15. Bf6 Bxf6 16. b3 fxg3
17. hxg3 Bh3 18. Bg2 Bxg2 19. Kxg2 Rad8 20. Rh1 Rxd1 21. Rf1
Rxf1 22. Kxf1 g5 23. Ke1 g4 24. Kd2 Bg5+ 25. Kc3 Rxf2 26. Kd3
Rg2 27. Ke4 Rxe2+ 28. Kf5 Bd2 29. Kxg4 e4 30. a4 e3 31. Kf3
Rh2 32. g4 e2 33. Kg3 Rh1 34. Kg2 e1=Q 35. Kf3 Qe3+ 36. Kg2
Rh3 37. Kf1 Qe1+ 38. Kg2 Qg3+ 39. Kf1 Rh1+ 40. Ke2 Qe3# 0-1

[Event "FIDE Online Olympiad"]
[Site "Chess.com"]
[Date "2020.08.01"]
[EventDate "2020.07.31"]
[Round "4"]
[Result "0-1"]
[White "Ansi Amin Al"]
[Black "Joseph Mwale"]
[WhiteElo "1887"]
[BlackElo "2119"]
[PlyCount "98"]

1. e4 e5 2. Nf3 Nc6 3. Bb5 a6 4. Ba4 Nf6 5. O-O b5 6. Bb3 Bc5
7. Re1 O-O 8. c3 d6 9. d4 Bb6 10. h3 h6 11. a4 Bb7 12. axb5
axb5 13. Rxa8 Qxa8 14. d5 Ne7 15. Na3 Ba6 16. Nc2 Ng6 17. Nb4
Bc8 18. Qd3 Bd7 19. Be3 Qc8 20. Bxb6 cxb6 21. Nh2 Nh5 22. Qe3
Nhf4 23. Nd3 Nxd3 24. Qxd3 f5 25. f3 f4 26. Qe2 h5 27. Ra1 Rf6
28. Qf2 Qc5 29. Ra7 Be8 30. Bc2 Nh4 31. Bd3 Rg6 32. Bf1 b4
33. Ra8 Kf7 34. Rb8 Qxf2+ 35. Kxf2 bxc3 36. bxc3 Bb5 37. Rxb6
Bxf1 38. Nxf1 Rxg2+ 39. Ke1 Nxf3+ 40. Kd1 Rf2 41. Rxd6 Rxf1+
42. Ke2 Nh2 43. Rd7+ Kg6 44. Rd8 f3+ 45. Ke3 Re1+ 46. Kf2 Re2+
47. Kg3 Rg2+ 48. Kh4 f2 49. Rf8 f1=Q 0-1